Webový informačný systém podpory prevádzky požičovne automobilov
Uložené v:
| Hlavný autor: | |
|---|---|
| Ďalší autori: | |
| Médium: | Rukopis Kniha |
| Jazyk: | Slovak |
| Vydavateľské údaje: |
2021
|
| Predmet: | |
| On-line prístup: | http://is.stuba.sk/zp/portal_zp.pl?podrobnosti=157964 |
| Tagy: |
Žiadne tagy, Buďte prvý, kto otaguje tento záznam!
|
MARC
| LEADER | 00000ntm a22000003a 4500 | ||
|---|---|---|---|
| 001 | stuzp83424 | ||
| 003 | SK-STU | ||
| 005 | 20210612211622.6 | ||
| 007 | ta | ||
| 008 | 150427s2015----xo-----f-mn---000-0-slo-d | ||
| 040 | |a STU |b slo | ||
| 041 | 0 | |a slo | |
| 100 | 1 | |a Lančarič, Michal |u 066000 |k Z4 |4 aut |U MTF Materiálovotechnologická fakulta |T MTF Ústav aplikovanej informatiky, automatizácie a mechatroniky |X 88833 |U M6000 |Y 86 |7 88833 | |
| 242 | 0 | 1 | |a Web information system to support the operation of car rental |y eng |
| 245 | 1 | 0 | |a Webový informačný systém podpory prevádzky požičovne automobilov |
| 260 | |c 2021 | ||
| 650 | 4 | |a Informačný systém |2 slo | |
| 650 | 4 | |a PHP |2 slo | |
| 650 | 4 | |a MySQL |2 slo | |
| 650 | 4 | |a PHP |2 eng | |
| 650 | 4 | |a MySQL |2 eng | |
| 650 | 4 | |a Information system |2 eng | |
| 700 | 1 | |a Juhás, Martin |u 066000 |k Z1 |4 ths |U MTF Materiálovotechnologická fakulta |T MTF Ústav aplikovanej informatiky, automatizácie a mechatroniky |X 2855 |U M6000 |Y 86 |7 A000002855 | |
| 856 | 4 | |u http://is.stuba.sk/zp/portal_zp.pl?podrobnosti=157964 | |
| 996 | |c M* DP-14699 |l MMSKP |s P |a 0 |w stuzp83424_0001 | ||